Do valuers have a greater tendency to adjust a previous valuation upwards or downwards? (Record no. 61006)

MARC details
000 -LEADER
fixed length control field 01121cam a2200193 4500
001 - CONTROL NUMBER
control field ABS61282
008 - FIXED-LENGTH DATA ELEMENTS--GENERAL INFORMATION
fixed length control field 000000n1999 000 0 eng u
035 ## - SYSTEM CONTROL NUMBER
System control number (Sirsi) u101908
100 ## - MAIN ENTRY--PERSONAL NAME
Personal name Havard, T.
245 ## - TITLE STATEMENT
Title Do valuers have a greater tendency to adjust a previous valuation upwards or downwards?
260 ## - PUBLICATION, DISTRIBUTION, ETC.
Date of publication, distribution, etc. 1999
490 ## - SERIES STATEMENT
Series statement Journal of Property Investment and Finance
Volume/sequential designation 17(4) 1999, 365-373(5)
520 ## - SUMMARY, ETC.
Summary, etc. Valuers are often aware of previous valuation figures or have knowledge of transaction prices. This most frequently occurs in loan security valuations and investment asset valuations. Earlier research has suggested that valuers may be biased by this knowledge. Examines experimentally whether valuers have a greater tendency to adjust a valuation upwards when they have knowledge of a previous low valuation than they are to adjust a valuation downwards when they have knowledge of a previous high valuation. Preliminary findings suggest this is the case.
650 ## - SUBJECT ADDED ENTRY--TOPICAL TERM
Topical term or geographic name entry element Valuation
9 (RLIN) 6273
650 ## - SUBJECT ADDED ENTRY--TOPICAL TERM
Topical term or geographic name entry element ASSET VALUATION
650 ## - SUBJECT ADDED ENTRY--TOPICAL TERM
Topical term or geographic name entry element ACADEMIC RESEARCH
690 ## - LOCAL SUBJECT ADDED ENTRY--TOPICAL TERM (OCLC, RLIN)
Topical term or geographic name as entry element RATING AND VALUATION
942 ## - ADDED ENTRY ELEMENTS (KOHA)
Suppress in OPAC 0
Holdings
Withdrawn status Lost status Source of classification or shelving scheme Damaged status Not for loan Home library Current library Shelving location Date acquired Total Checkouts Full call number Barcode Date last seen Copy number Price effective from Koha item type
    Dewey Decimal Classification     London London Journal article 12/11/1999   ABS61282 101908-1001 06/08/2019 1 06/08/2019 Journal article